Online Catalogue and eLibrary

Vallalar (Record no. 5838)

MARC details
000 -LEADER
fixed length control field 00381nam a2200157Ia 4500
005 - DATE AND TIME OF LATEST TRANSACTION
control field 20250424045907.0
008 - FIXED-LENGTH DATA ELEMENTS--GENERAL INFORMATION
fixed length control field 240331s9999 xx 000 0 und d
020 ## - INTERNATIONAL STANDARD BOOK NUMBER
ISBN 9788189985608
082 ## - DDC Classification
Item Number - Author Mark VAL
Class No. 294
100 ## - MAIN ENTRY--PERSONAL NAME
Personal name AAsiriyar Kulu
245 #0 - TITLE STATEMENT
Title Vallalar
260 ## - PUBLICATION, DISTRIBUTION, ETC.
Place of publication, distribution, etc. Chennai
Name of publisher, distributor, etc. Mayura Pathippagam.
Date of publication, distribution, etc. 2008
300 ## - PHYSICAL DESCRIPTION
Extent (e.g. Volumes, Pages etc.) 72 p .,
500 ## - GENERAL NOTE
General note Valaar patriya puthagam
942 ## - Koha item type (Biblio)
Koha item type Books in Stacks (Lending)
Holdings
Lost status Damaged status Collection code Home library Current library Shelving location Date acquired Full call number Accession Number Item type
    Lending WERC Library WERC Library Social Science Cupboard 03/31/2024 294 VAL 6819 Books in Stacks (Lending)

© WERC Library